Historyczne flagi #2 - Statystyki

Ogólne statystyki
  • Ten quiz został rozwiązany 1 057 razy
  • Średni wynik to 7 z 16
Statystyki odpowiedzi
Obrazkowy Hint Odpowiedź % Poprawnych
1818–1844 Szwecja
92%
1920–1943 Liban
91%
1812–1816 Argentyna
81%
1815–1830 Polska
64%
1889 Brazylia
59%
1602-1800 Holenderskie Indie Wschodnie
48%
1465–1797 San Marino
47%
1918–1920 Jordania
42%
1974-2010 Birma
38%
1958-1959 Sudan Francuski
37%
1934 Andora
35%
Propozycja z 1914 Kamerun Niemiecki
33%
1907-? Indie
29%
1863–1886 Panama
18%
1200–1350 Niemcy
17%
1956–1970 Sudan
14%
Nie znaleziono quizów pasujących do podanych kryteriów
Rozkład punktacji
Procent ludzi z każdym wynikiem
Percentyl według liczby udzielonych odpowiedzi
Twoja historia wyników
Nie rozwiązałeś tego quizu